| 000 | 01460nam a2200313 a 4500 | ||
|---|---|---|---|
| 001 | BRCA_3405 | ||
| 005 | 20190320204250.0 | ||
| 041 | _aeng | ||
| 044 | _aenk | ||
| 084 |
_a694 _b.N38 _c1923 |
||
| 100 | 1 |
_aCervantes Saavedra, Miguel de _d1547-1616 _9213 |
|
| 245 | 1 | 0 |
_aThe History of Don Quixote of the Mancha _cTranslation from the Spanish of Miguel de Cervantes Saavedra by Thomas Shelton. |
| 260 |
_aLondres _bNavarre Society _c1923 |
||
| 300 |
_a2 v. _bil. _c23 cm. |
||
| 500 | _aContenido : v.1. Primera parte. Prefacio de F. J. Harvey Darton. Versos preliminares. Retrato de Cervantes por Kent. -- v.2. Segunda parte | ||
| 500 | _aEdición : Reprint from the First Edition, 1612-1620. With a new Preface by F. J. Harvey Darton and Illustrations with 2 Portraits, 18 Plates and Facsimiles of the Original Engraved Titles | ||
| 500 | _aEjemplar por completo igual al anterior [693]. Tela; lomos adornados con dorados Lúdovik Osterc | ||
| 500 | _aQM1210 | ||
| 546 | _aTexto en : inglés | ||
| 650 | 1 | 4 |
_aNovela española _yÉpoca clásica, 1500-1700 _9215 |
| 650 | 1 | 4 |
_aLiteratura española _yÉpoca clásica, 1500-1700 _9216 |
| 650 | 1 | 4 |
_aNovela española _ySiglo XVII _9217 |
| 650 | 1 | 4 |
_aDon Quijote (Personaje ficticio) _eNovela _9218 |
| 700 | 1 |
_aShelton, Thomas _d?-1626 _eTraductor _98937 |
|
| 700 | 1 |
_aHarvey Darton, F. J. _d1878-1936 _eEditor _98938 |
|
| 740 | 0 | _aEl Ingenioso Hidalgo Don Quijote de la Mancha | |
| 902 | _aQFM | ||
| 942 |
_2lcc _cB |
||
| 999 |
_c3141 _d3141 |
||